|
|
|
|
| LEADER |
00000nam a2200000Ii 4500 |
| 001 |
DIGDEU0231 |
| 003 |
NyNyDIG |
| 006 |
m o d |
| 007 |
cr ||||||||||| |
| 008 |
241203s2023 sp ob 000 0 spa d |
| 035 |
|
|
|a (OCoLC)1482222210
|
| 040 |
|
|
|a DGITA
|b eng
|e rda
|e pn
|c DGITA
|
| 020 |
|
|
|z 9788413251967
|
| 043 |
|
|
|a e-sp---
|
| 050 |
1 |
4 |
|a JV8259.P35 ebook
|
| 245 |
0 |
0 |
|a Impacto social del Covid-19 y situación de las personas migradas en Euskadi (periodo 2020-2021) /
|c Encarnación La Spina (coord.) ; Aitziber Mugarra-Elorriaga (editora literaria) [and 12 others].
|
| 264 |
|
1 |
|a Bilbao :
|b Publicaciones de la Universidad de Deusto,
|c [2023]
|
| 300 |
|
|
|a 1 online resource.
|
| 336 |
|
|
|a text
|b txt
|2 rdacontent
|
| 337 |
|
|
|a computer
|b c
|2 rdamedia
|
| 338 |
|
|
|a online resource
|b cr
|2 rdacarrier
|
| 347 |
|
|
|a text file
|2 rdaft
|
| 347 |
|
|
|b PDF
|
| 500 |
|
|
|a "DeustoDigital, Instituto de Derechos Humanos, Pedro Arrupe, Giza Eskubideen Institutua"--Cover.
|
| 490 |
1 |
|
|a Cuadernos Deusto de derechos humanos ;
|v núm. 106
|
| 504 |
|
|
|a Includes bibliographical references.
|
| 588 |
0 |
|
|a Online resource; title from PDF title page (Digitalia, viewed December 3, 2024)
|
| 650 |
|
0 |
|a COVID-19 Pandemic, 2020-
|x Social aspects
|z Spain
|z País Vasco.
|
| 650 |
|
0 |
|a País Vasco (Spain)
|x Emigration and immigration
|y 21st century.
|
| 651 |
|
0 |
|a Spain
|x Social conditions
|y 21st century.
|
| 700 |
1 |
|
|a La Spina, Encarnación,
|e editor.
|
| 700 |
1 |
|
|a Mugarra Elorriaga, Aitziber,
|e author,
|e editor.
|
| 791 |
2 |
|
|a Digitalia (Firm),
|e distributor.
|
| 793 |
0 |
|
|g Digitalia eBook Collection:
|a Universidad de Deusto
|
| 776 |
0 |
8 |
|i Print version:
|t Impacto social del Covid-19 y situación de las personas migradas en Euskadi (periodo 2020-2021).
|d Bilbao : Publicaciones de la Universidad de Deusto, 2023
|z 9788413251967
|
| 830 |
|
0 |
|a Cuadernos Deusto de derechos humanos ;
|v núm. 106.
|
| 856 |
4 |
0 |
|3 Digitalia Hispánica
|u https://www.digitaliapublishing.com/a/163571/
|
| 910 |
|
|
|a Premium collection: 2024
|